[Event "Paracin op 16th"]
[Site "Paracin"]
[Date "2023.07.08"]
[Round "3"]
[White "Prokhorov, Ivan"]
[Black "Nielsen, Morten Majlund"]
[Result "1/2-1/2"]
[WhiteElo "2144"]
[BlackElo "2049"]
[PlyCount "87"]
[EventDate "2023.07.07"]
[EventType "swiss"]
[EventRounds "9"]
[EventCountry "SRB"]
[SourceTitle "EXT 2024"]
[Source "ChessBase"]
[SourceDate "2023.10.10"]
[SourceVersion "1"]
[SourceVersionDate "2023.10.10"]
[SourceQuality "1"]

1. d4 Nf6 2. Nf3 d5 3. c4 e6 4. g3 dxc4 5. Bg2 Bb4+ 6. Bd2 Be7 7. Qa4+ Bd7 8. Qxc4 Bc6 9. Nc3 0-0 10. 0-0 Nbd7 11. Qd3 h6 12. Rfe1 Bxf3 13. Bxf3 c5 14. dxc5 Ne5 15. Qxd8 Nxf3+ 16. exf3 Rfxd8 17. Be3 Nd7 18. Ne4 f5 19. Nd6 Nxc5 20. Bxc5 Bxd6 21. Bxd6 Rxd6 22. Rac1 Rf8 23. f4 Rb6 24. Re2 Kf7 25. h4 Kf6 26. h5 Rd8 27. Rc7 Rdd6 28. Rec2 Rdc6 29. R2xc6 bxc6 30. b3 Ra6 31. a4 Rb6 32. a5 Rb5 33. a6 Rxb3 34. Rxc6 Ra3 35. Kf1 Ra2 36. Ke1 Ra5 37. Kd2 Rd5+ 38. Kc3 Ke7 39. Rc8 Rd6 40. Rc7+ Rd7 41. Rc6 Rd6 42. Rc7+ Rd7 43. Rc6 Rd6 44. Rc7+ 1/2-1/2

[Event "Nordsjalland Weekend A op"]
[Site "Allerod"]
[Date "2020.01.04"]
[Round "2"]
[White "Nielsen, Morten Majlund"]
[Black "Le Besq, Alexander"]
[Result "0-1"]
[WhiteElo "2044"]
[BlackElo "2194"]
[PlyCount "72"]
[EventDate "2020.01.03"]
[EventType "swiss"]
[EventRounds "5"]
[EventCountry "DEN"]
[SourceTitle "EXT 2021"]
[Source "ChessBase"]
[SourceDate "2020.10.23"]
[SourceVersion "1"]
[SourceVersionDate "2020.10.23"]
[SourceQuality "1"]

1. e4 c5 2. Nf3 d6 3. d4 cxd4 4. Nxd4 Nf6 5. Nc3 g6 6. Be3 Bg7 7. f3 0-0 8. Qd2 Nc6 9. 0-0-0 d5 10. Qe1 e5 11. Nxc6 bxc6 12. exd5 Nxd5 13. Bc4 Be6 14. Ne4 Qc7 15. Bc5 Rfd8 16. Qh4 h6 17. g4 a5 18. g5 h5 19. Qf2 Rab8 20. Rd3 a4 21. Rhd1 Nf4 22. Rxd8+ Rxd8 23. Bd6 Qa5 24. Bxe6 Nxe6 25. Qd2 Qxd2+ 26. Rxd2 f5 27. gxf6 Bh6 28. Bxe5 Bxd2+ 29. Nxd2 Rd5 30. Bc3 Nd4 31. Bxd4 Rxd4 32. Ne4 Kf7 33. c3 Rd5 34. Kc2 Kf8 35. h4 Rf5 36. Ng5 Rxg5 0-1

[Event "Helsingor Xtracon op"]
[Site "Helsingor"]
[Date "2018.07.25"]
[Round "6"]
[White "Nielsen, Morten Majlund"]
[Black "Johansen, Svein Age"]
[Result "1-0"]
[WhiteElo "1959"]
[BlackElo "1832"]
[PlyCount "61"]
[EventDate "2018.07.21"]
[EventType "swiss"]
[EventRounds "10"]
[EventCountry "DEN"]
[SourceTitle "CBM 185 Extra"]
[Source "ChessBase"]
[SourceDate "2018.07.29"]
[SourceVersion "1"]
[SourceVersionDate "2018.07.29"]
[SourceQuality "1"]

1. e4 c5 2. Nf3 d6 3. d4 cxd4 4. Nxd4 Nf6 5. Nc3 Nc6 6. Bc4 Qb6 7. Nxc6 bxc6 8. Qf3 g6 9. Bb3 Bg7 10. Be3 Qc7 11. 0-0 0-0 12. Rfe1 Ng4 13. Bf4 Ne5 14. Qe2 a5 15. Rad1 Ba6 16. Qe3 Nc4 17. Bxc4 Bxc4 18. e5 d5 19. b3 Ba6 20. Na4 e6 21. Nc5 Rfb8 22. a4 Qa7 23. Qc3 Rb4 24. Be3 Qc7 25. Bd4 Bf8 26. Re3 Qa7 27. Ne4 Rxd4 28. Nf6+ Kh8 29. Rxd4 c5 30. Rh3 h6 31. Qe3 1-0

[Event "Helsingor Xtracon op"]
[Site "Helsingor"]
[Date "2017.07.25"]
[Round "5"]
[White "Fransson, Pia"]
[Black "Nielsen, Morten Majlund"]
[Result "0-1"]
[WhiteElo "1482"]
[BlackElo "1927"]
[PlyCount "80"]
[EventDate "2017.07.22"]
[EventType "swiss"]
[EventRounds "10"]
[EventCountry "DEN"]
[SourceTitle "CBM 179 Extra"]
[Source "ChessBase"]
[SourceDate "2017.08.23"]
[SourceVersion "1"]
[SourceVersionDate "2017.08.23"]
[SourceQuality "1"]

1. d4 d5 2. Nf3 Nf6 3. c4 c6 4. cxd5 cxd5 5. Nc3 Nc6 6. Bf4 Bg4 7. Ne5 Bd7 8. Nxd7 Qxd7 9. e3 e6 10. Bb5 a6 11. Qa4 Rc8 12. Bxc6 Qxc6 13. Qxc6+ Rxc6 14. 0-0 Kd7 15. Rac1 Bb4 16. Ne2 Rhc8 17. Rxc6 Rxc6 18. Rc1 Ne4 19. Rxc6 Kxc6 20. f3 Nd6 21. Nc1 Nc4 22. b3 Bd2 23. bxc4 Bxc1 24. cxd5+ exd5 25. Kf1 Kb5 26. Ke2 Kc4 27. Bg3 b5 28. Bf2 Bb2 29. Kd2 a5 30. Kc2 Bc3 31. Kd1 b4 32. Kc2 a4 33. Bg3 b3+ 34. axb3+ axb3+ 35. Kb1 Kd3 36. e4 Kxd4 37. e5 Kc4 38. f4 d4 39. f5 d3 40. Bf4 Bxe5 0-1

[Event "Helsingor Xtracon op"]
[Site "Helsingor"]
[Date "2017.07.22"]
[Round "1"]
[White "Nielsen, Morten Majlund"]
[Black "Motylev, Alexander"]
[Result "0-1"]
[WhiteElo "1927"]
[BlackElo "2680"]
[PlyCount "50"]
[EventDate "2017.07.22"]
[EventType "swiss"]
[EventRounds "10"]
[EventCountry "DEN"]
[SourceTitle "CBM 179 Extra"]
[Source "ChessBase"]
[SourceDate "2017.08.23"]
[SourceVersion "1"]
[SourceVersionDate "2017.08.23"]
[SourceQuality "1"]

1. d4 d5 2. c4 e6 3. Nc3 Bb4 4. Nf3 dxc4 5. e4 b5 6. a4 c6 7. Bd2 Nf6 8. Qc2 a6 9. g3 Bb7 10. Bg2 c5 11. e5 cxd4 12. exf6 dxc3 13. fxg7 cxd2+ 14. Nxd2 Rg8 15. Bxb7 Ra7 16. Be4 f5 17. Bf3 Rgxg7 18. 0-0-0 Qf6 19. Bh5+ Kf8 20. f4 Nc6 21. Nb1 Nd4 22. Qg2 bxa4 23. Bf3 Rgc7 24. Qf2 Nb3+ 25. Kc2 c3 0-1

[Event "Copenhagen Obro New Year op"]
[Site "Copenhagen"]
[Date "2017.??.??"]
[Round "1"]
[White "Nielsen, Morten Majlund"]
[Black "Haubro, Martin"]
[Result "0-1"]
[WhiteElo "1940"]
[BlackElo "2309"]
[PlyCount "122"]
[EventDate "2017.12.27"]
[EventType "swiss"]
[EventRounds "7"]
[EventCountry "DEN"]
[SourceTitle "CBM 182 Extra"]
[Source "ChessBase"]
[SourceDate "2018.02.23"]
[SourceVersion "1"]
[SourceVersionDate "2018.02.23"]
[SourceQuality "1"]

1. d4 Nf6 2. c4 e6 3. Nc3 c5 4. e3 cxd4 5. exd4 d5 6. Nf3 Bb4 7. Bg5 0-0 8. Qb3 Nc6 9. Rd1 h6 10. Bh4 Re8 11. Be2 Be7 12. Qc2 b6 13. 0-0 Bb7 14. Bxf6 Bxf6 15. cxd5 Nb4 16. Qb3 Nxd5 17. Bb5 Nxc3 18. bxc3 Bxf3 19. gxf3 Re7 20. d5 exd5 21. Rxd5 Qc7 22. Rfd1 Qf4 23. Qc2 g6 24. Qd2 Qxf3 25. Rd3 Qg4+ 26. Rg3 Qh5 27. Bc6 Rc8 28. Bf3 Qe5 29. Qxh6 Bg7 30. Qh4 Rxc3 31. Rd8+ Re8 32. Bd5 Rc1+ 33. Kg2 Rc8 34. Re3 Qxe3 35. Rxc8 Qe5 36. Rxe8+ Qxe8 37. Qg3 Qd7 38. Qb8+ Kh7 39. Qb7 Qg4+ 40. Kf1 f5 41. Bf3 Qc4+ 42. Kg2 Qxa2 43. Qe7 Qa4 44. h4 Qa1 45. h5 Qf6 46. Qxf6 Bxf6 47. hxg6+ Kxg6 48. Bc6 Bd4 49. Kf3 Kf6 50. Ke2 Ke5 51. Bd7 f4 52. f3 Kd5 53. Kd3 Kc5 54. Bc8 a5 55. Kc2 Kb4 56. Kb1 Bg7 57. Bd7 a4 58. Kc2 Bf6 59. Be8 Bh4 60. Kd3 Kb3 61. Bf7+ Kb2 0-1

[Event "Copenhagen Bronshoj op"]
[Site "Copenhagen"]
[Date "2016.??.??"]
[Round "7"]
[White "Nielsen, Morten Majlund"]
[Black "Karlsson, Ulf"]
[Result "1/2-1/2"]
[WhiteElo "1995"]
[BlackElo "2045"]
[PlyCount "87"]
[EventDate "2016.02.12"]
[EventType "swiss"]
[EventRounds "7"]
[EventCountry "DEN"]
[SourceTitle "CBM 170 Extra"]
[Source "ChessBase"]
[SourceDate "2016.02.25"]
[SourceVersion "1"]
[SourceVersionDate "2016.02.25"]
[SourceQuality "1"]

1. e4 c5 2. Nf3 Nc6 3. d4 cxd4 4. Nxd4 e5 5. Nb5 d6 6. c4 Be7 7. Be2 f5 8. N5c3 a6 9. Na3 f4 10. Bg4 Nf6 11. Bxc8 Rxc8 12. Bd2 0-0 13. Qe2 Nd4 14. Qd3 Nd7 15. b4 a5 16. Nd5 axb4 17. Bxb4 f3 18. g3 Nc5 19. Nxe7+ Qxe7 20. Bxc5 dxc5 21. Nc2 Qe6 22. Ne3 Qa6 23. h4 Rcd8 24. Nd5 Qa5+ 25. Qd2 Nc2+ 26. Kd1 Qxd2+ 27. Kxd2 Nxa1 28. Rxa1 Ra8 29. a4 Ra5 30. Ke3 Rf7 31. g4 Ra6 32. Kd3 Rg6 33. Rg1 Ra6 34. Ra1 Kf8 35. Kc3 Ke8 36. Kb3 Kd8 37. Rd1 Rd6 38. Ra1 Kd7 39. Rg1 Rh6 40. Rh1 Ra6 41. Rd1 Rd6 42. Rg1 Kc6 43. Rb1 Kd7 44. Rg1 1/2-1/2

[Event "Koge Xtracon op"]
[Site "Koge"]
[Date "2015.10.16"]
[Round "6"]
[White "Marthedal, Anton Mehmet Yildiz"]
[Black "Nielsen, Morten Majlund"]
[Result "0-1"]
[WhiteElo "1866"]
[BlackElo "1980"]
[PlyCount "68"]
[EventDate "2015.10.12"]
[EventType "swiss"]
[EventRounds "9"]
[EventCountry "DEN"]
[SourceTitle "CBM 168 Extra"]
[Source "ChessBase"]
[SourceDate "2015.10.29"]
[SourceVersion "1"]
[SourceVersionDate "2015.10.29"]
[SourceQuality "1"]

1. d4 d5 2. Nf3 Nf6 3. e3 e6 4. Bd3 c5 5. b3 Nc6 6. 0-0 Bd6 7. Bb2 Qc7 8. a3 0-0 9. dxc5 Bxc5 10. Bxf6 gxf6 11. Nbd2 Ne7 12. c4 dxc4 13. Nxc4 Ng6 14. b4 Be7 15. Rc1 Rd8 16. Qe2 Qd7 17. Rc3 b6 18. h4 Bb7 19. h5 Nf8 20. Nd4 Qd5 21. Qg4+ Qg5 22. Qh3 f5 23. Ne5 Rac8 24. Rfc1 f4 25. Nec6 Bxc6 26. exf4 Bxg2 27. Bxh7+ Kh8 28. fxg5 Bxh3 29. Rxc8 Rxd4 30. R1c7 Bd6 31. Rxf8+ Bxf8 32. Rxf7 Bd6 33. Bc2 Rg4+ 34. Kh1 Bg2+ 0-1

[Event "NATO-ch 26th"]
[Site "Amsterdam"]
[Date "2015.07.09"]
[Round "6.17"]
[White "Mestek, Igor"]
[Black "Nielsen, Morten Majlund"]
[Result "1-0"]
[WhiteElo "2095"]
[BlackElo "2004"]
[PlyCount "45"]
[EventDate "2015.07.06"]
[EventType "swiss"]
[EventRounds "7"]
[EventCountry "NED"]
[SourceTitle "EXT 2016"]
[Source "ChessBase"]
[SourceDate "2015.10.08"]
[SourceVersion "1"]
[SourceVersionDate "2015.10.08"]
[SourceQuality "1"]
[WhiteTeam "Slovenia"]
[BlackTeam "Denmark"]
[WhiteTeamCountry "SLO"]
[BlackTeamCountry "DEN"]

1. e4 c5 2. Nf3 Nc6 3. d4 cxd4 4. Nxd4 Nf6 5. Nc3 e5 6. Nb3 Bb4 7. Bd3 d5 8. exd5 Nxd5 9. Bd2 Nxc3 10. bxc3 Be7 11. 0-0 0-0 12. f4 Bf6 13. f5 Bg5 14. Qh5 h6 15. f6 Bxd2 16. Nxd2 Qd7 17. fxg7 Kxg7 18. Rf3 Qd6 19. Ne4 Qe6 20. Bc4 Qxc4 21. Rg3+ Kh7 22. Nf6+ Kh8 23. Qxh6# 1-0

[Event "NATO-ch 26th"]
[Site "Amsterdam"]
[Date "2015.07.07"]
[Round "3.29"]
[White "Nielsen, Morten Majlund"]
[Black "Bublys, Vaidotas"]
[Result "1/2-1/2"]
[WhiteElo "2004"]
[BlackElo "1847"]
[PlyCount "62"]
[EventDate "2015.07.06"]
[EventType "swiss"]
[EventRounds "7"]
[EventCountry "NED"]
[SourceTitle "EXT 2016"]
[Source "ChessBase"]
[SourceDate "2015.10.08"]
[SourceVersion "1"]
[SourceVersionDate "2015.10.08"]
[SourceQuality "1"]
[WhiteTeam "Denmark"]
[BlackTeam "Lithuania"]
[WhiteTeamCountry "DEN"]
[BlackTeamCountry "LTU"]

1. e4 e5 2. Nf3 Nc6 3. Bb5 a6 4. Ba4 Nf6 5. 0-0 b5 6. Bb3 Be7 7. Re1 d6 8. c3 0-0 9. h3 Bb7 10. d4 Re8 11. Ng5 Rf8 12. Nf3 Re8 13. Nbd2 h6 14. Bc2 exd4 15. cxd4 Nb8 16. Nf1 Nbd7 17. a4 Bf8 18. Ng3 Rb8 19. axb5 axb5 20. Ra7 c5 21. Bf4 Qb6 22. Ra1 cxd4 23. Nxd4 Rbc8 24. Ndf5 Nc5 25. Qd4 Ncd7 26. Qxb6 Nxb6 27. Bb3 Bxe4 28. Bxd6 Bd5 29. Bxf8 Rxe1+ 30. Rxe1 Kxf8 31. Bxd5 Nbxd5 1/2-1/2